| 000 | 00716nam a22002057a 4500 | ||
|---|---|---|---|
| 999 |
_c19640 _d19640 |
||
| 003 | AR-CdUCM | ||
| 008 | 190518b ||||| |||| 00| 0 sp d | ||
| 040 |
_aMUNICIPALIDAD PROVINCIAL DEL CUSCO _cBIBLIOTECA MUNICIPAL DEL CUSCO |
||
| 082 |
_a341.2 / _bR84 |
||
| 100 |
_aRoss, Alf _941095 |
||
| 245 | _aSobre el derecho y la justicia / | ||
| 260 |
_aBuenos Aires : _bUEDEBA, _c1958. |
||
| 300 |
_a374 páginas ; _c23 cm. |
||
| 505 | _aProblemas de la flosofia del derecho -- El concepto de derecho vigente -- Las fuentes del derecho -- El método juridico... | ||
| 650 |
_aDerecho. _9739 |
||
| 650 |
_aFilosofia del derecho. _919771 |
||
| 650 |
_aMetodo del derecho. _941096 |
||
| 942 |
_2ddc _cLIBROS |
||
| 945 | _awfj | ||